000 00229nam a2200085Ia 4500
245 0 _aOxford first book of science
100 _a MORGAN, Nina Oxford, 2003
_986000
942 _cBK
008 210817s9999 xx 000 0 und d
999 _c324739
_d324738